| 000 | 00665nam a2200205 a 4500 | ||
|---|---|---|---|
| 005 | 20240806064032.0 | ||
| 008 | 030303s1985 ea r 000 0 eng d | ||
| 020 | _a0023795107 | ||
| 035 | _aUPN01000122335 | ||
| 049 | _aCG | ||
| 050 | 4 |
_aPS507 _bC6.6 1985 |
|
| 245 | 0 | 0 |
_aConcise anthology of american literature / _ced. George McMichael. |
| 250 | _a2a ed. | ||
| 260 |
_aNew York : _bMacmillan Publishing Company ; _aLondon : _bCollier Macmillan Publisher, _cc1985 |
||
| 300 | _axxxviii, 2226 p. | ||
| 650 | 4 |
_aLiteratura estadounidense _95229 |
|
| 651 | 4 |
_aESTADOS UNIDOS - _vCOLECCIONES LITERARIAS _923313 |
|
| 700 | 1 |
_aMcMichael, George, _eed. |
|
| 905 | _aLibro | ||
| 999 |
_c94531 _d94531 |
||